[Event "WinterChess masters WGM/WMI febrero 201"]
[Site "Palma de Mallorca ESP"]
[Date "2013.02.21"]
[Round "6.1"]
[White "Gimenez Garcia, Emilio"]
[Black "Bismuth, Lea"]
[Result "0-1"]
[WhiteElo "1830"]
[BlackElo "1962"]
[PlyCount "72"]
[EventDate "2013.02.17"]
[EventType "tourn"]
[EventRounds "9"]
[EventCountry "ESP"]
[Source "lmi"]
[SourceDate "2013.02.17"]

1. d4 Nf6 2. Bf4 g6 3. e3 Bg7 4. Nd2 O-O 5. Ngf3 d6 6. Bd3 b6 7. h4 Nh5 8. Bh2
c5 9. Ng5 cxd4 10. exd4 Bxd4 11. c3 Bg7 12. Nxh7 Re8 13. Ng5 Bb7 14. Qc2 e5 15.
Nxf7 Qxh4 16. O-O-O Bxg2 17. Bg3 Qf6 18. Bxg6 Nxg3 19. fxg3 Bxh1 20. Rxh1 Nd7
21. Bh7+ Kxf7 22. Rf1 Re6 23. Rxf6+ Rxf6 24. Qb3+ Ke7 25. Kd1 Rh8 26. Be4 Rh2
27. Nf3 Rf2 28. Qg8 Bf8 29. Qh7+ Rf7 30. Qh4+ Nf6 31. Ng5 Rg7 32. Nh7 Rg4 33.
Qh1 Nxe4 34. Nxf8 Rxf8 35. Qh7+ Rf7 36. Qh8 Nxg3 0-1

[Event "WinterChess masters WGM/WMI febrero 201"]
[Site "Palma de Mallorca ESP"]
[Date "2013.02.21"]
[Round "6.2"]
[White "Gallardo Piña, Neus"]
[Black "Ali, Ehsan"]
[Result "0-1"]
[WhiteElo "1902"]
[BlackElo "2335"]
[PlyCount "56"]
[EventDate "2013.02.17"]
[EventType "tourn"]
[EventRounds "9"]
[EventCountry "ESP"]
[Source "lmi"]
[SourceDate "2013.02.17"]

1. f4 c5 2. Nf3 d5 3. b3 Nc6 4. e3 Nf6 5. Bb2 a6 6. d3 e6 7. Nbd2 Bd6 8. g3 O-O
9. Bg2 Qe7 10. Ne5 Nd7 11. Nxc6 bxc6 12. O-O a5 13. Qg4 f5 14. Qh3 a4 15. Nf3
e5 16. Nh4 g6 17. c4 Nf6 18. Rfe1 Bd7 19. Bf1 Rfb8 20. Nf3 Ng4 21. Nd2 Re8 22.
Qg2 Nf6 23. Nf3 e4 24. Ne5 Reb8 25. Qc2 Be6 26. Qc3 a3 27. Nxg6 hxg6 28. Qxf6
axb2 0-1

[Event "WinterChess masters WGM/WMI febrero 201"]
[Site "Palma de Mallorca ESP"]
[Date "2013.02.21"]
[Round "6.3"]
[White "Rodrigo Yanguas, Maria"]
[Black "Garcia Del Rey, Senen"]
[Result "0-1"]
[WhiteElo "2187"]
[BlackElo "2293"]
[PlyCount "66"]
[EventDate "2013.02.17"]
[EventType "tourn"]
[EventRounds "9"]
[EventCountry "ESP"]
[Source "lmi"]
[SourceDate "2013.02.17"]

1. e4 c5 2. Nf3 e6 3. d4 cxd4 4. Nxd4 a6 5. Nc3 Qc7 6. Be2 b5 7. Bf3 Bb7 8. O-O
Nc6 9. a4 b4 10. Na2 Nf6 11. Nxc6 Bxc6 12. Qd4 e5 13. Qc4 Qb7 14. Bd2 Bxa4 15.
Bxb4 Rc8 16. Qd3 Bb5 17. Qa3 Bxf1 18. Bxf8 Rxf8 19. Rxf1 Rxc2 20. Nb4 Rc4 21.
Nxa6 Qb6 22. h3 d6 23. Rd1 Ke7 24. b4 Rfc8 25. b5 Rc3 26. Qa4 R8c4 27. Nb4 Qc5
28. Rb1 Rc1+ 29. Rxc1 Rxc1+ 30. Kh2 Rc4 31. b6 Rxb4 32. Qa7+ Kf8 33. Qa8+ Ne8
0-1

[Event "WinterChess masters WGM/WMI febrero 201"]
[Site "Palma de Mallorca ESP"]
[Date "2013.02.21"]
[Round "6.4"]
[White "Nicolas Zapata, Javier"]
[Black "Robin, Samy"]
[Result "1-0"]
[WhiteElo "2075"]
[BlackElo "2250"]
[PlyCount "46"]
[EventDate "2013.02.17"]
[EventType "tourn"]
[EventRounds "9"]
[EventCountry "ESP"]
[Source "lmi"]
[SourceDate "2013.02.17"]

1. d4 g6 2. e4 Bg7 3. Nc3 c5 4. Nf3 cxd4 5. Nxd4 Nc6 6. Nb3 Nf6 7. Be2 O-O 8.
O-O d6 9. Bg5 a5 10. a4 Bd7 11. f4 Nb4 12. Bf3 Qb6+ 13. Kh1 Rfd8 14. Re1 Rac8
15. Re2 Bg4 16. Bxf6 Bxf3 17. Bxg7 Bxe2 18. Bd4 Bxd1 19. Bxb6 Bxc2 20. Bxd8
Rxd8 21. Nxa5 Nd3 22. Nd5 Ra8 23. Nxb7 Kg7 1-0

[Event "WinterChess masters WGM/WMI febrero 201"]
[Site "Palma de Mallorca ESP"]
[Date "2013.02.21"]
[Round "6.5"]
[White "De Seroux, Camille"]
[Black "Frey, Alisa"]
[Result "0-1"]
[WhiteElo "2105"]
[BlackElo "2060"]
[PlyCount "56"]
[EventDate "2013.02.17"]
[EventType "tourn"]
[EventRounds "9"]
[EventCountry "ESP"]
[Source "lmi"]
[SourceDate "2013.02.17"]

1. e4 e5 2. Nf3 Nf6 3. Nxe5 d6 4. Nf3 Nxe4 5. Nc3 Nxc3 6. dxc3 Be7 7. Be3 Nc6
8. Qd2 Be6 9. Ng5 Bxg5 10. Bxg5 f6 11. Bf4 Qd7 12. O-O-O Ne5 13. Kb1 O-O 14. h4
a5 15. f3 b5 16. Be2 Qf7 17. b3 a4 18. g4 axb3 19. cxb3 Ra3 20. Bxe5 fxe5 21.
Qc1 Rfa8 22. Rd2 Bxb3 23. Rb2 Qg6+ 24. Rc2 Rxa2 25. Bd1 Bxc2+ 26. Bxc2 Ra1+ 27.
Kb2 R8a2+ 28. Kb3 Qe6+ 0-1

[Event "WinterChess masters WGM/WMI febrero 201"]
[Site "Palma de Mallorca ESP"]
[Date "2013.02.21"]
[Round "7.1"]
[White "Frey, Alisa"]
[Black "Gimenez Garcia, Emilio"]
[Result "1-0"]
[WhiteElo "2060"]
[BlackElo "1830"]
[PlyCount "115"]
[EventDate "2013.02.17"]
[EventType "tourn"]
[EventRounds "9"]
[EventCountry "ESP"]
[Source "lmi"]
[SourceDate "2013.02.17"]

1. e4 c6 2. d4 d5 3. Nc3 dxe4 4. Nxe4 Nf6 5. Nxf6+ exf6 6. c3 Bf5 7. Bc4 Bd6 8.
Ne2 Qc7 9. Ng3 Bg6 10. O-O O-O 11. f4 f5 12. Bd3 c5 13. d5 c4 14. Bxf5 Bxf5 15.
Nxf5 Rd8 16. Qg4 g6 17. Be3 Bc5 18. Rad1 Kf8 19. Nd4 Rxd5 20. f5 Kg8 21. fxg6
hxg6 22. Kh1 Qd7 23. Qf3 Na6 24. Qf6 Rd6 25. Qh4 Rd5 26. Rf3 Rh5 27. Qf2 Bd6
28. Bf4 Bxf4 29. Rxf4 Nc5 30. Qd2 Nd3 31. Rff1 Rd8 32. b3 b5 33. Qe2 Re8 34.
Qf3 Rhe5 35. Qc6 Qxc6 36. Nxc6 Re2 37. Ra1 Rc2 38. Nd4 Rxc3 39. Nxb5 Rc2 40.
Nd4 cxb3 41. axb3 Rc7 42. Kg1 Rd7 43. Nc6 Nc5 44. b4 Rd2 45. bxc5 Ree2 46. Rf3
Rxg2+ 47. Kf1 Rxh2 48. Rg3 Rhf2+ 49. Kg1 a6 50. Ne5 Rfe2 51. Nf3 Rd5 52. Rc1 a5
53. c6 Rd8 54. c7 Rc8 55. Nd4 Re7 56. Nb5 a4 57. Ra3 Re5 58. Nd6 1-0

[Event "WinterChess masters WGM/WMI febrero 201"]
[Site "Palma de Mallorca ESP"]
[Date "2013.02.21"]
[Round "7.2"]
[White "Robin, Samy"]
[Black "De Seroux, Camille"]
[Result "1/2-1/2"]
[WhiteElo "2250"]
[BlackElo "2105"]
[PlyCount "27"]
[EventDate "2013.02.17"]
[EventType "tourn"]
[EventRounds "9"]
[EventCountry "ESP"]
[Source "lmi"]
[SourceDate "2013.02.17"]

1. e4 c5 2. Nf3 d6 3. d4 cxd4 4. Nxd4 Nf6 5. Nc3 Nc6 6. Be2 e5 7. Nb3 Be7 8.
O-O O-O 9. Be3 a5 10. a4 Nb4 11. Qd2 Be6 12. Rfd1 d5 13. exd5 Nfxd5 14. Nxd5
1/2-1/2

[Event "WinterChess masters WGM/WMI febrero 201"]
[Site "Palma de Mallorca ESP"]
[Date "2013.02.21"]
[Round "7.3"]
[White "Garcia Del Rey, Senen"]
[Black "Nicolas Zapata, Javier"]
[Result "1-0"]
[WhiteElo "2293"]
[BlackElo "2075"]
[PlyCount "37"]
[EventDate "2013.02.17"]
[EventType "tourn"]
[EventRounds "9"]
[EventCountry "ESP"]
[Source "lmi"]
[SourceDate "2013.02.17"]

1. c4 Nf6 2. Nc3 c6 3. e4 e5 4. Nf3 Bb4 5. Nxe5 O-O 6. Be2 Re8 7. Nf3 Nxe4 8.
Nxe4 Rxe4 9. O-O d5 10. d4 dxc4 11. Ng5 Rxd4 12. Qc2 g6 13. Bxc4 Rxc4 14. Qxc4
Qe7 15. Nxf7 Be6 16. Nh6+ Kf8 17. Qd4 Ke8 18. h4 Nd7 19. Bg5 1-0

[Event "WinterChess masters WGM/WMI febrero 201"]
[Site "Palma de Mallorca ESP"]
[Date "2013.02.21"]
[Round "7.4"]
[White "Ali, Ehsan"]
[Black "Rodrigo Yanguas, Maria"]
[Result "1/2-1/2"]
[WhiteElo "2335"]
[BlackElo "2187"]
[PlyCount "44"]
[EventDate "2013.02.17"]
[EventType "tourn"]
[EventRounds "9"]
[EventCountry "ESP"]
[Source "lmi"]
[SourceDate "2013.02.17"]

1. d4 d5 2. c4 Nc6 3. cxd5 Qxd5 4. e3 e5 5. Nc3 Bb4 6. Bd2 Bxc3 7. bxc3 Nf6 8.
Qb3 Qd6 9. Bc1 Be6 10. Qa3 Ne4 11. Qxd6 cxd6 12. Bb2 exd4 13. exd4 O-O 14. Bd3
Nf6 15. Nf3 Na5 16. Nd2 Rac8 17. O-O Nd5 18. Rfc1 Nb6 19. Ba3 Rfd8 20. Bb5 Nac4
21. Bxc4 Nxc4 22. Nxc4 Bxc4 1/2-1/2

[Event "WinterChess masters WGM/WMI febrero 201"]
[Site "Palma de Mallorca ESP"]
[Date "2013.02.21"]
[Round "7.5"]
[White "Bismuth, Lea"]
[Black "Gallardo Piña, Neus"]
[Result "1-0"]
[WhiteElo "1962"]
[BlackElo "1902"]
[PlyCount "55"]
[EventDate "2013.02.17"]
[EventType "tourn"]
[EventRounds "9"]
[EventCountry "ESP"]
[Source "lmi"]
[SourceDate "2013.02.17"]

1. Nc3 g6 2. e4 Bg7 3. f4 d6 4. Nf3 c5 5. Bc4 Nc6 6. d3 e6 7. O-O Nge7 8. Qe1
O-O 9. f5 exf5 10. Qh4 Ne5 11. Bg5 Re8 12. Nxe5 dxe5 13. Nd5 Kf8 14. Qxh7 Qd6
15. Nf6 Rd8 16. h4 Be6 17. Bb5 Bd7 18. Nxd7+ Rxd7 19. Bxd7 Qxd7 20. Bxe7+ Qxe7
21. exf5 g5 22. f6 Bxf6 23. hxg5 Bg7 24. Rf5 Rd8 25. Raf1 Rd6 26. Qh5 f6 27.
gxf6 Bxf6 28. Qg6 1-0

[Event "WinterChess masters WGM/WMI febrero 201"]
[Site "Palma de Mallorca ESP"]
[Date "2013.02.22"]
[Round "8.2"]
[White "Rodrigo Yanguas, Maria"]
[Black "Bismuth, Lea"]
[Result "1-0"]
[WhiteElo "2187"]
[BlackElo "1962"]
[PlyCount "71"]
[EventDate "2013.02.17"]
[EventType "tourn"]
[EventRounds "9"]
[EventCountry "ESP"]
[Source "lmi"]
[SourceDate "2013.02.17"]

1. e4 e5 2. Nf3 Nc6 3. Bb5 f5 4. d3 fxe4 5. dxe4 Nf6 6. Bg5 Bc5 7. O-O d6 8. c3
h6 9. Bh4 g5 10. Bg3 Bd7 11. Nbd2 Qe7 12. a4 a6 13. Bc4 Qg7 14. b4 Bb6 15. a5
Ba7 16. b5 axb5 17. Bxb5 h5 18. h4 gxh4 19. Bxh4 O-O 20. Qa4 Nb8 21. Qb3+ Kh8
22. Ng5 c6 23. Be2 Na6 24. Qd1 Nc5 25. c4 Qg6 26. Ra3 Bg4 27. Rg3 Rg8 28. Kh1
Raf8 29. f3 Qh6 30. fxg4 hxg4 31. Bxg4 Rxg5 32. Rh3 Nxg4 33. Rxf8+ Qxf8 34.
Bxg5+ Nh6 35. Rxh6+ Kg7 36. Qh5 1-0

[Event "WinterChess masters WGM/WMI febrero 201"]
[Site "Palma de Mallorca ESP"]
[Date "2013.02.22"]
[Round "8.3"]
[White "Nicolas Zapata, Javier"]
[Black "Ali, Ehsan"]
[Result "1/2-1/2"]
[WhiteElo "2075"]
[BlackElo "2335"]
[PlyCount "64"]
[EventDate "2013.02.17"]
[EventType "tourn"]
[EventRounds "9"]
[EventCountry "ESP"]
[Source "lmi"]
[SourceDate "2013.02.17"]

1. d4 d5 2. Bf4 c6 3. e3 Nf6 4. c4 e6 5. Nc3 Bd6 6. Bxd6 Qxd6 7. Nf3 Nbd7 8.
cxd5 exd5 9. Bd3 O-O 10. O-O Re8 11. Qc2 g6 12. Rab1 a5 13. a3 b6 14. b4 axb4
15. axb4 Bb7 16. Qb3 Ra7 17. Ra1 Rea8 18. Rxa7 Rxa7 19. h3 Kg7 20. Rd1 h6 21.
Nd2 Nf8 22. Be2 Ne6 23. b5 c5 24. dxc5 bxc5 25. Nde4 Nxe4 26. Nxe4 Qe5 27. b6
Ra8 28. Nd2 d4 29. Bf3 Qb8 30. Bxb7 Qxb7 31. exd4 Nxd4 32. Qb2 Ra4 1/2-1/2

[Event "WinterChess masters WGM/WMI febrero 201"]
[Site "Palma de Mallorca ESP"]
[Date "2013.02.22"]
[Round "8.4"]
[White "De Seroux, Camille"]
[Black "Garcia Del Rey, Senen"]
[Result "0-1"]
[WhiteElo "2105"]
[BlackElo "2293"]
[PlyCount "39"]
[EventDate "2013.02.17"]
[EventType "tourn"]
[EventRounds "9"]
[EventCountry "ESP"]
[Source "lmi"]
[SourceDate "2013.02.17"]

1. e4 c5 2. Nf3 e6 3. d4 cxd4 4. Nxd4 a6 5. Bd3 g6 6. Be3 Bg7 7. Nc3 Ne7 8. f4
d5 9. Qd2 dxe4 10. Bxe4 O-O 11. O-O-O Nd7 12. h4 Nf6 13. h5 Nxe4 14. Nxe4 Qd5
15. Nc3 Qc4 16. hxg6 fxg6 17. g4 e5 18. fxe5 Bxg4 19. Rdg1 h5 20. Bg5 0-1

[Event "WinterChess masters WGM/WMI febrero 201"]
[Site "Palma de Mallorca ESP"]
[Date "2013.02.22"]
[Round "8.5"]
[White "Frey, Alisa"]
[Black "Robin, Samy"]
[Result "1/2-1/2"]
[WhiteElo "2060"]
[BlackElo "2250"]
[PlyCount "56"]
[EventDate "2013.02.17"]
[EventType "tourn"]
[EventRounds "9"]
[EventCountry "ESP"]
[Source "lmi"]
[SourceDate "2013.02.17"]

1. e4 Nf6 2. e5 Nd5 3. d4 d6 4. Nf3 g6 5. Bc4 Nb6 6. Bb3 Bg7 7. O-O O-O 8. h3
Nc6 9. exd6 cxd6 10. c3 e5 11. Re1 h6 12. a4 Nd7 13. Na3 Kh7 14. Nc4 e4 15. Nh2
d5 16. Ne5 Ndxe5 17. dxe5 Be6 18. f4 Qb6+ 19. Kh1 Rfd8 20. Ng4 Bxg4 21. hxg4 d4
22. Ra3 dxc3 23. Qc2 Nb4 24. Qxc3 Rd3 25. a5 Qf2 26. Qxb4 Rh3+ 27. gxh3 Qf3+
28. Kh2 Qf2+ 1/2-1/2

[Event "WinterChess masters WGM/WMI febrero 201"]
[Site "Palma de Mallorca ESP"]
[Date "2013.02.23"]
[Round "9.1"]
[White "Robin, Samy"]
[Black "Gimenez Garcia, Emilio"]
[Result "1-0"]
[WhiteElo "2250"]
[BlackElo "1830"]
[PlyCount "48"]
[EventDate "2013.02.17"]
[EventType "tourn"]
[EventRounds "9"]
[EventCountry "ESP"]
[Source "lmi"]
[SourceDate "2013.02.17"]

1. d4 d5 2. Nc3 c6 3. e4 dxe4 4. Nxe4 Nf6 5. Nxf6+ exf6 6. Be3 Be6 7. Bd3 Bd6
8. Ne2 Qc7 9. Qd2 Bg4 10. O-O-O Nd7 11. h3 Be6 12. c4 b6 13. f4 f5 14. g4 g6
15. gxf5 gxf5 16. Ng3 O-O-O 17. Nxf5 Bxf5 18. Bxf5 Kb8 19. Kb1 Nf6 20. Rhf1
Rhe8 21. Bg1 Ne4 22. Qd3 Nf6 23. Qf3 Bf8 24. Bg4 Bg7 1-0

[Event "WinterChess masters WGM/WMI febrero 201"]
[Site "Palma de Mallorca ESP"]
[Date "2013.02.23"]
[Round "9.2"]
[White "Garcia Del Rey, Senen"]
[Black "Frey, Alisa"]
[Result "1-0"]
[WhiteElo "2293"]
[BlackElo "2060"]
[PlyCount "95"]
[EventDate "2013.02.17"]
[EventType "tourn"]
[EventRounds "9"]
[EventCountry "ESP"]
[Source "lmi"]
[SourceDate "2013.02.17"]

1. c4 e5 2. e3 Nf6 3. a3 a5 4. Nc3 Nc6 5. Nf3 g6 6. d4 exd4 7. exd4 Bg7 8. Bg5
O-O 9. Be2 h6 10. Bh4 Ne7 11. Bg3 d5 12. c5 Nh5 13. Be5 f6 14. Bg3 Bg4 15. Qd2
Rb8 16. O-O Nxg3 17. hxg3 Nf5 18. b4 axb4 19. axb4 h5 20. Ra7 Re8 21. Rfa1 Kh8
22. b5 Qd7 23. R1a4 Qe7 24. Nh4 Nxh4 25. Bxg4 hxg4 26. gxh4 f5 27. Nxd5 Qxh4
28. g3 Qd8 29. Nf4 Kh7 30. d5 Qd7 31. Rxb7 Rxb7 32. c6 Qc8 33. cxb7 Qxb7 34.
Rb4 Bh6 35. b6 cxb6 36. Qd4 Bxf4 37. Rxb6 Re1+ 38. Kg2 Qa8 39. gxf4 g3 40. Kxg3
Rg1+ 41. Kh2 Rg4 42. Rc6 Qd8 43. Rf6 Kh6 44. f3 Rh4+ 45. Kg2 Qc7 46. Re6 Qxf4
47. Qh8+ Kg5 48. Qf6+ 1-0

[Event "WinterChess masters WGM/WMI febrero 201"]
[Site "Palma de Mallorca ESP"]
[Date "2013.02.23"]
[Round "9.3"]
[White "Ali, Ehsan"]
[Black "De Seroux, Camille"]
[Result "1-0"]
[WhiteElo "2335"]
[BlackElo "2105"]
[PlyCount "69"]
[EventDate "2013.02.17"]
[EventType "tourn"]
[EventRounds "9"]
[EventCountry "ESP"]
[Source "lmi"]
[SourceDate "2013.02.17"]

1. e4 c5 2. b3 a6 3. Bb2 Nc6 4. g3 d5 5. d3 Nf6 6. Nd2 e6 7. Bg2 Be7 8. f4 O-O
9. Ngf3 Qa5 10. O-O Ng4 11. Qe2 c4 12. dxc4 Bc5+ 13. Kh1 Ne3 14. cxd5 exd5 15.
exd5 Ne7 16. Nc4 Nxc4 17. Qxc4 Nf5 18. Qc3 Bb4 19. Qd3 Re8 20. a3 Bf8 21. Rfe1
Rd8 22. c4 Qb6 23. Nd4 g6 24. Nxf5 Bxf5 25. Qc3 f6 26. Qxf6 Qxf6 27. Bxf6 Re8
28. b4 a5 29. c5 axb4 30. axb4 Kf7 31. Be5 Bd7 32. d6 Bc6 33. b5 Bxg2+ 34. Kxg2
Rac8 35. d7 1-0

[Event "WinterChess masters WGM/WMI febrero 201"]
[Site "Palma de Mallorca ESP"]
[Date "2013.02.23"]
[Round "9.4"]
[White "Bismuth, Lea"]
[Black "Nicolas Zapata, Javier"]
[Result "0-1"]
[WhiteElo "1962"]
[BlackElo "2075"]
[PlyCount "94"]
[EventDate "2013.02.17"]
[EventType "tourn"]
[EventRounds "9"]
[EventCountry "ESP"]
[Source "lmi"]
[SourceDate "2013.02.17"]

1. e4 c5 2. Nc3 a6 3. Nf3 e6 4. d4 cxd4 5. Nxd4 Qc7 6. g3 Nf6 7. Bg2 Bb4 8. Bd2
Nc6 9. Nb3 Be7 10. O-O O-O 11. Bf4 d6 12. Qd2 Ne5 13. Rad1 Nc4 14. Qc1 Nh5 15.
Be3 Nxe3 16. Qxe3 Nf6 17. Kh1 Ng4 18. Qe2 Ne5 19. Nd2 b5 20. f4 Nc4 21. Nxc4
bxc4 22. Rd4 Qb6 23. Rxc4 a5 24. Qf2 Qb8 25. Rc6 Bd8 26. Rd1 Bc7 27. e5 d5 28.
Qc5 Bd8 29. Bxd5 exd5 30. Nxd5 Bb7 31. Rd6 Be7 32. Qb5 Bxd6 33. exd6 Ra6 34.
Kg1 Qa7+ 35. Kf1 Bxd5 36. Rxd5 Rb6 37. Qc5 Qa6+ 38. c4 Rc6 39. Qd4 Rxc4 40. Qd3
Rc1+ 41. Ke2 Rc2+ 42. Ke3 Re8+ 43. Re5 Rxe5+ 44. fxe5 Qxd3+ 45. Kxd3 Rxb2 46.
Kd4 Kf8 47. Kd5 Ke8 0-1

[Event "WinterChess masters WGM/WMI febrero 201"]
[Site "Palma de Mallorca ESP"]
[Date "2013.02.23"]
[Round "9.5"]
[White "Gallardo Piña, Neus"]
[Black "Rodrigo Yanguas, Maria"]
[Result "1-0"]
[WhiteElo "1902"]
[BlackElo "2187"]
[PlyCount "95"]
[EventDate "2013.02.17"]
[EventType "tourn"]
[EventRounds "9"]
[EventCountry "ESP"]
[Source "lmi"]
[SourceDate "2013.02.17"]

1. f4 d5 2. Nf3 Nc6 3. e3 Bg4 4. Bb5 e6 5. b3 Nf6 6. Bb2 Bd6 7. O-O a6 8. Bxc6+
bxc6 9. d3 O-O 10. Nbd2 a5 11. a4 c5 12. Qe1 Bxf3 13. Rxf3 Nd7 14. Qg3 f6 15.
Qg4 Qe7 16. e4 e5 17. f5 c6 18. Rh3 Rfb8 19. Rf1 Nf8 20. Rff3 Kf7 21. Qh5+ g6
22. fxg6+ hxg6 23. Qh8 Ke6 24. exd5+ cxd5 25. Qg8+ Kd7 26. Qxd5 Ne6 27. Re3 Nf4
28. Qe4 Nxh3+ 29. Rxh3 f5 30. Qd5 Rh8 31. Nc4 Rae8 32. Re3 Kc8 33. Qa8+ Kd7 34.
Qxa5 e4 35. Qb5+ Ke6 36. Bxh8 Rxh8 37. Qc6 Rd8 38. dxe4 Kf7 39. exf5 Bxh2+ 40.
Kf1 Qh4 41. Qxg6+ Kf8 42. Ke2 Bg1 43. Qg3 Qd4 44. Rd3 Re8+ 45. Kd2 Qe4 46. Qd6+
Kg7 47. Qg6+ Kf8 48. Qf6+ 1-0